| 000 | 00609 a2200205 4500 | ||
|---|---|---|---|
| 005 | 20240517123127.0 | ||
| 010 | _aB-759096 | ||
| 020 |
_a9789354716249 _c395.00 |
||
| 035 | _aB-759096 | ||
| 037 | _bGift | ||
| 082 | _aS | ||
| 100 |
_aCawthon, Scott _966329 |
||
| 245 |
_aFive Nights at Freddy's Tales from The Pizzaplex #6 Nexie/ _cScott Cawthon, kelly Parra and Andrea Waggener |
||
| 260 |
_aUK _bScholastic Inc. _c2023 |
||
| 270 |
_aUK _bUK |
||
| 300 |
_a242 p. _c21cm (Pb) |
||
| 700 |
_aParra, Kelly and Waggener Andrea _966330 |
||
| 942 |
_adpl _cCH _2ddc _hS _mCAW |
||
| 999 |
_c202934 _d202934 |
||